00542nam a2200181Ia 4500008004100000020001800041082000800059100003300067245005300100250000600153260003500159300001400194500002400208650001400232942000700246952009000253999001700343230524s9999 xx 000 0 und d a9788131806579 bADH aDilip Kumar Adhwarjee942203 0aTheory and Applications of Mechanical Vibrations a1 aNew DelhibLaxmi Publi.c2016 a"X,239p;" aQuantity Number: 1 aMechanics cBK 00104070aTATCLbTATCLcGENd2023-05-24l0o ADHp53953r2023-05-24w2023-05-24yBK c56552d56552